| 000 | 00910nam a22002657i 4500 | ||
|---|---|---|---|
| 999 |
_c22891 _d22891 |
||
| 003 | AR-CdUCM | ||
| 008 | 240510b20102010 ma||||| |||| 00| 0 eng d | ||
| 020 | _a978-0-9774720-2-4 | ||
| 040 |
_aMUNICIPALIDAD PROVINCIAL DEL CUSCO _cBIBLIOTECA MUNICIPAL DEL CUSCO |
||
| 041 | _hEng | ||
| 082 |
_a818.6 / F18V _bF18V |
||
| 100 |
_aFales, Bunny & Sam. _949812 |
||
| 245 |
_aVenezuelan Venture : _bReminiscenses of 25 years / |
||
| 260 |
_aU.S.A. : _bWalsworth Publishing Company, _c2010 |
||
| 300 |
_a383 páginas. : _c26 cm. |
||
| 505 | _aNovela en inglés -- English novel | ||
| 650 |
_aEnglish novel _949813 |
||
| 650 |
_aAt the end of part III _949814 |
||
| 650 |
_aEl Callao, Paso Caballo & San Pedro de las Bocas _949815 |
||
| 650 |
_aOff to Machu Picchu! _949816 |
||
| 650 |
_aEl Tigre surprice! _949817 |
||
| 700 |
_aFales Hillman, Sandra. _949818 |
||
| 942 |
_2ddc _cLIBROS |
||
| 945 |
_apbj _d2024-05-10 |
||